000 00370nam a2200157Ia 4500
001 32260
003 IN-NITTTR
005 20251114233429.0
008 251113s9999||||xx |||||||||||||| ||eng||
040 _beng
040 _cIN-NITTTR
041 _aeng
082 _a821.7109 M685S
245 0 _aSymbiotic Relationship- Academia Industry Interaction /
942 _2ddc
_cBK
999 _c34890
_d34890